Stratégia „Jeden pás, jedna cesta“ a konzekvencie pre európsky kontinent bakalárska práca

Salvato in:
Dettagli Bibliografici
Autore principale: Bartková, Katarína
Ente Autore: Obchodná fakulta EU. Katedra medzinárodného obchodu
Altri autori: Královičová, Michaela
Natura: Libro
Lingua:slovacco
Pubblicazione: Bratislava 2017
Tags: Aggiungi Tag
Nessun Tag, puoi essere il primo ad aggiungerne!!

MARC

LEADER 00000nbm a2200000 4500
001 0235488
005 20180405145555.1
041 0 |a slo 
044 |a SK 
245 1 0 |a Stratégia „Jeden pás, jedna cesta“ a konzekvencie pre európsky kontinent  |b bakalárska práca  |c Katarína Bartková ; školiteľ: Michaela Královičová 
264 1 |a Bratislava  |c 2017 
300 |a 93 s. 
100 1 |a Bartková, Katarína 
700 1 |a Královičová, Michaela 
710 2 |a Obchodná fakulta EU. Katedra medzinárodného obchodu